Vista normal Vista MARC

Entrada Topical Term

Número de registros utilizados en: 2

001 - CONTROL NUMBER

  • control field: 66670

003 - CONTROL NUMBER IDENTIFIER

  • control field: OSt

005 - DATE AND TIME OF LATEST TRANSACTION

  • control field: 20251106201349.0

008 - FIXED-LENGTH DATA ELEMENTS

  • fixed length control field: 251106|| aca||aabn | a|a d

040 ## - CATALOGING SOURCE

  • Original cataloging agency: OSt
  • Transcribing agency: OSt

150 ## - HEADING--TOPICAL TERM

  • Topical term or geographic name entry element: Estiramiento (fisiología)

670 ## - SOURCE DATA FOUND

  • Source citation: Work cat.: (OSt)59801: Anderson, Bob, 1945- aut 66669, Estirándose /









Instituto Departamental de Cultura del Meta - Red Departamental de Bibliotecas Públicas del Meta.